Jalkapallon maailmanmestaruuskilpailut 2026 - Statistics

Yleistilastot
  • Tätä visaa on pelattu 77 kertaa
    32 viimeisimmän päivityksen jälkeen
  • Keskiarvotulos 35 / 48
Vastaukset kartalla
Vastauksille on annettu kartalla punavihreä väri sen mukaan, kuinka moni on saanut sen oikein.
 
Vastaustilastot
Maa % Oikein
Brasilia
100%
Argentiina
91%
Englanti
91%
Kanada
91%
Kolumbia
91%
Ranska
91%
Ruotsi
91%
Saksa
91%
Yhdysvallat
91%
Alankomaat
82%
Belgia
82%
Ecuador
82%
Espanja
82%
Etelä-Afrikka
82%
Meksiko
82%
Norja
82%
Portugali
82%
Qatar
82%
Saudi-Arabia
82%
Turkki
82%
Uruguay
82%
Australia
73%
Curaçao
73%
Egypti
73%
Etelä-Korea
73%
Iran
73%
Japani
73%
Kap Verde
73%
Kroatia
73%
Marokko
73%
Panama
73%
Skotlanti
73%
Sveitsi
73%
Algeria
64%
Bosnia ja Hertsegovina
64%
Haiti
64%
Irak
64%
Itävalta
64%
Kongon demokraattinen tasavalta
64%
Paraguay
64%
Senegal
64%
Tšekki
64%
Tunisia
55%
Uusi-Seelanti
55%
Ghana
45%
Jordania
45%
Norsunluurannikko
45%
Uzbekistan
45%
Ehtoja vastaavia visoja ei löytynyt
Tulosjakauma
Jokaisen tuloksen saaneiden osuus
Persentiili vastausten määrän mukaan
Tuloshistoriasi
Et ole pelannut tätä visaa sen viimeisimmän päivityksen jälkeen